00735nam a2200205 a 450000500170000000800410001702000150005805000230007310000190009624500630011525000130017826000440019130000410023550000500027665000130032670000230033994200170036299900170037995201330039620140310183253.0041019s19uu xx 00 eng d a080538684x aQC 21.3b.Y68 2004 aYoung, Hugh D. aUniversity physics :bwith modern physics /cHugh D. Young a11th ed. aU.S.A :bPearson Education, Inc,c2004. aA-47, 1714 p. :bcol. ill. ;c26 cm. aIncludes bibliograhical references and index. aPhysics. aFreedman, Roger A. cBK2lcckFOR c20810d20810 00102lcc40aCLbCLcGCd2004-10-19eC & E Publ1oQC 21.3 .Y68 2004pC5396r2018-05-15 00:00:00s2015-06-16t1w2013-10-10yBK